| 000 | 003420000a22001450004500 | ||
|---|---|---|---|
| 003 | MACL | ||
| 040 | _aMACL | ||
| 090 |
_c33016 _d33014 |
||
| 100 | _aSudha Publication Ltd | ||
| 245 | _aBank Probationary Officers Exam | ||
| 260 |
_bSudha Publication Ltd _c2003 |
||
| 350 | _a310 | ||
| 650 | _aFinancial Economics | ||
| 942 |
_cBOOK _k332.121/SUD |
||
| 999 |
_c32679 _d32679 |
||